| 000 | 00592nam a22001937a 4500 | ||
|---|---|---|---|
| 999 |
_c172119 _d172119 |
||
| 005 | 20200128114539.0 | ||
| 010 | _aENG-127568 | ||
| 020 |
_c170.00 _a9789388927321 |
||
| 035 | _aEN-111100 | ||
| 037 | _bDBAD/PUB | ||
| 082 | _a880 | ||
| 100 | _aVyas,Foram | ||
| 245 |
_aA study of feminine sensibility in Anita Desai's Novel: _bwhere shall we go this summer/ _cby Foram Vyas |
||
| 260 |
_aGujarat _bVedant publications _c2019 |
||
| 270 |
_aRajkot,Surat _bAhmedabad _e395003 |
||
| 300 |
_a156p _c20cm(pbk) |
||
| 500 | _aincludes bibliography | ||
| 942 |
_2ddc _cEN _mVYA _h880 |
||